[Event "C.to Regionale Sardegna"]
[Site "Cagliari ITA"]
[Date "2015.05.31"]
[Round "2"]
[White "Sonis, Francesco"]
[Black "Marras, Giuseppe"]
[WhiteElo "2226"]
[BlackElo "1774"]
[Result "1-0"]
[PlyCount "71"]
[EventDate "2015.05.30"]

1. Nf3 Nf6 2. g3 g6 3. Bg2 Bg7 4. c4 O-O 5. O-O d6 6. d4 c6 7. Nc3 Nbd7 8. b3
e5 9. Bb2 e4 10. Ne1 d5 11. Nc2 Re8 12. f3 exf3 13. Bxf3 dxc4 14. bxc4 Nb6 15.
Qd3 Bg4 16. e4 Bxf3 17. Rxf3 Qd7 18. c5 Nc8 19. Raf1 Qe7 20. e5 Nd5 21. Nxd5
cxd5 22. Ne3 Qe6 23. Qb3 Ne7 24. Rxf7 b6 25. cxb6 axb6 26. Rxe7 Rxe7 27. Nxd5
Ree8 28. Nc7 Qxb3 29. axb3 Ra2 30. Nxe8 Rxb2 31. Nxg7 Kxg7 32. e6 Re2 33. d5
Re5 34. Rf7+ Kg8 35. Rb7 Rxd5 36. Rb8+ 1-0

[Event "C.to Regionale Sardegna"]
[Site "Cagliari ITA"]
[Date "2015.05.31"]
[Round "2"]
[White "Spanu, Giacomo"]
[Black "Carta, Francesco"]
[WhiteElo "1529"]
[BlackElo "1664"]
[Result "0-1"]
[PlyCount "92"]
[EventDate "2015.05.30"]

1. e4 c5 2. Nf3 d6 3. d4 cxd4 4. Nxd4 Nf6 5. f3 a6 6. c4 Nc6 7. Be3 e6 8. Nc3
Be7 9. Be2 O-O 10. O-O Bd7 11. Qd2 Rc8 12. Rfd1 Re8 13. Qe1 Ne5 14. b3 Qc7 15.
Rac1 Qb8 16. Qg3 Ng6 17. Qe1 Bd8 18. Rd3 Ba5 19. Qf2 Ne5 20. Rd2 b5 21. Rdc2
bxc4 22. bxc4 Nxc4 23. Bg5 Ne5 24. Bxf6 gxf6 25. Qg3+ Ng6 26. Nb3 Bb6+ 27. Kh1
Be3 28. Rd1 Bf4 29. Qf2 Be5 30. Rdc1 Ba4 31. Nxa4 Rxc2 32. Rxc2 Qb4 33. Nb6 Bc3
34. Rc1 Rb8 35. Nc4 d5 36. exd5 exd5 37. Nca5 Rb6 38. Rxc3 Qxc3 39. Qxb6 Qe1+
40. Qg1 Qxe2 41. Qb1 Nf4 42. Qg1 Qxa2 43. g4 d4 44. Qg3 Qb1+ 45. Qg1 Qa2 46.
Qxd4 Qg2# 0-1

[Event "C.to Regionale Sardegna"]
[Site "Cagliari ITA"]
[Date "2015.05.31"]
[Round "2"]
[White "Spiga, Sandro"]
[Black "Dessy, Eugenio"]
[WhiteElo "1416"]
[BlackElo "1637"]
[Result "0-1"]
[PlyCount "52"]
[EventDate "2015.05.30"]

1. e4 d6 2. d4 g6 3. Nf3 Bg7 4. Be2 a6 5. O-O b5 6. Nc3 Bb7 7. Re1 Nd7 8. Bf4
b4 9. Nd5 a5 10. b3 e6 11. Bc4 exd5 12. exd5+ Ne7 13. Qd2 O-O 14. Bg5 Bf6 15.
Bh6 Re8 16. Re4 Nf5 17. Rxe8+ Qxe8 18. Re1 Qd8 19. Bf4 Bg7 20. Bg5 Nf6 21. Bb5
Qf8 22. Re2 Bxd5 23. Qe1 c6 24. Bc4 Bxf3 25. gxf3 Nxd4 26. Rd2 Nxf3+ 0-1

[Event "C.to Regionale Sardegna"]
[Site "Cagliari ITA"]
[Date "2015.01.31"]
[Round "3"]
[White "Agus, Lorenzo"]
[Black "Nessi, Davide"]
[WhiteElo "1574"]
[BlackElo "1720"]
[Result "0-1"]
[PlyCount "30"]
[EventDate "2015.05.30"]

1. e4 e5 2. f4 d5 3. exd5 c6 4. dxc6 Nxc6 5. Bb5 e4 6. d3 exd3 7. Qxd3 Bd6 8.
Ne2 Nf6 9. O-O O-O 10. Nbc3 Qc7 11. Ne4 Nxe4 12. Qxe4 Qb6+ 13. Be3 Qxb5 14. c4
Qf5 15. Qd4 Nxd4 0-1

[Event "C.to Regionale Sardegna"]
[Site "Cagliari ITA"]
[Date "2015.05.31"]
[Round "3"]
[White "Altea, Luca"]
[Black "Colacino, Gabriele"]
[WhiteElo "1415"]
[BlackElo "1449"]
[Result "0-1"]
[PlyCount "54"]
[EventDate "2015.05.30"]

1. e4 e5 2. Bc4 Nc6 3. Nc3 Nf6 4. d3 h6 5. Be3 Bb4 6. Nge2 O-O 7. a3 Ba5 8. Bd2
Bb6 9. f4 d6 10. fxe5 dxe5 11. Ng3 Nd4 12. Nd5 Nxd5 13. Bxd5 c6 14. Ba2 Qf6 15.
Rf1 Qh4 16. Qh5 Qxh5 17. Nxh5 Nxc2+ 18. Ke2 Nxa1 19. Ng3 Bg4+ 20. Rf3 Bxf3+ 21.
gxf3 Nc2 22. Bc3 Nd4+ 23. Kf2 Nb5+ 24. Ke2 Nxc3+ 25. bxc3 Ba5 26. Kd2 Rad8 27.
Nf5 Rd7 0-1

[Event "C.to Regionale Sardegna"]
[Site "Cagliari ITA"]
[Date "2015.05.31"]
[Round "3"]
[White "Ardu, Luigi"]
[Black "Biondelli, Marco"]
[WhiteElo "1800"]
[BlackElo "1637"]
[Result "1/2-1/2"]
[PlyCount "95"]
[EventDate "2015.05.30"]

1. d4 d5 2. Nf3 c5 3. e3 Nc6 4. Bb5 a6 5. Bxc6+ bxc6 6. dxc5 e6 7. b4 a5 8. c3
Ba6 9. Nd4 Ne7 10. f4 g6 11. a4 axb4 12. cxb4 Bg7 13. Na3 O-O 14. b5 Bb7 15.
O-O Qa5 16. Rb1 Qxa4 17. Qxa4 Rxa4 18. Nxc6 Nxc6 19. bxc6 Bxc6 20. Rb6 Rc8 21.
Nb5 Bxb5 22. Rxb5 Bf8 23. Bd2 Rxc5 24. Rb7 Rc2 25. Be1 Raa2 26. Bf2 Ba3 27. g4
Bc1 28. Rb3 Kg7 29. Kg2 Rab2 30. Rxb2 Bxb2 31. h4 Kf6 32. Rb1 e5 33. fxe5+ Kxe5
34. Kf3 h5 35. gxh5 gxh5 36. Be1 Kf5 37. Rd1 Rc5 38. Bg3 Be5 39. Bf2 Ke6 40.
Rg1 f6 41. Rg8 Rc3 42. Ke2 Kf5 43. Be1 Rb3 44. Ra8 Rb2+ 45. Kd3 Rb3+ 46. Ke2
Rb2+ 47. Kf3 Rh2 48. Rh8 1/2-1/2

[Event "C.to Regionale Sardegna"]
[Site "Cagliari ITA"]
[Date "2015.05.31"]
[Round "3"]
[White "Atzori, Filippo"]
[Black "Carta, Francesco"]
[WhiteElo "1371"]
[BlackElo "1664"]
[Result "0-1"]
[PlyCount "112"]
[EventDate "2015.05.30"]

1. e4 c5 2. d4 cxd4 3. c3 dxc3 4. Nxc3 d6 5. Bb5+ Bd7 6. Bxd7+ Nxd7 7. Be3 Ngf6
8. Rc1 Nc5 9. Bxc5 dxc5 10. Qa4+ Qd7 11. Qxd7+ Nxd7 12. Nb5 Kd8 13. Nf3 a6 14.
Nc3 e6 15. Rd1 Kc7 16. O-O Be7 17. Rd2 Rhd8 18. Rfd1 Bf6 19. Rc2 Rac8 20. h3
Kb8 21. Rcd2 Nb6 22. e5 Rxd2 23. Rxd2 Be7 24. Ne4 Nd5 25. Nfg5 Nb4 26. a3 Nc6
27. Nxf7 Nd4 28. Nfd6 Bxd6 29. Nxd6 Rd8 30. f4 Kc7 31. Kf2 Nf5 32. Ne4 Rxd2+
33. Nxd2 Kc6 34. g4 Nd4 35. Ke3 Kd5 36. Kd3 b5 37. Ke3 c4 38. Ne4 Nc2+ 39. Kf3
a5 40. Nc3+ Kc6 41. Ke4 b4 42. axb4 axb4 43. Ne2 Kc5 44. f5 c3 45. b3 Na1 46.
fxe6 Kc6 47. Nd4+ Kc7 48. Nb5+ Kd8 49. Kd5 c2 50. Kd6 c1=Q 51. e7+ Ke8 52. Nc7+
Qxc7+ 53. Kxc7 Nxb3 54. Kc6 Nd4+ 55. Kc5 b3 56. Kxd4 b2 0-1

[Event "C.to Regionale Sardegna"]
[Site "Cagliari ITA"]
[Date "2015.05.31"]
[Round "3"]
[White "Buttau, Giancarlo"]
[Black "Spanu, Giacomo"]
[WhiteElo "1416"]
[BlackElo "1529"]
[Result "1/2-1/2"]
[PlyCount "93"]
[EventDate "2015.05.30"]

1. d4 Nf6 2. c4 e6 3. Bf4 b6 4. e3 Bb7 5. Nf3 Bb4+ 6. Nc3 h6 7. a3 Bxc3+ 8.
bxc3 Ne4 9. Qc2 f5 10. Be2 d6 11. Nd2 Nxd2 12. Qxd2 Nd7 13. Qd1 g5 14. Bg3 Bxg2
15. Rg1 Bb7 16. Bf3 Bxf3 17. Qxf3 g4 18. Qd1 Nf6 19. d5 e5 20. Bh4 Kf7 21. f3
h5 22. fxg4 hxg4 23. Bxf6 Kxf6 24. Rf1 Qd7 25. Ra2 Rag8 26. Raf2 Rg5 27. Rf4
Rh4 28. R4f2 Kg6 29. e4 f4 30. a4 a5 31. Kd2 Rh3 32. Rg1 Kf6 33. Rg3 Rh4 34.
Rg1 Ke7 35. Rgf1 Kd8 36. Kc1 Kc8 37. Kb2 Qh7 38. Qe2 Qh5 39. c5 Kb7 40. Qb5 Qh8
41. Qc6+ Kc8 42. cxb6 Rg7 43. Qa8+ Kd7 44. Qc6+ Kc8 45. Qa8+ Kd7 46. Qc6+ Kc8
47. Qa8+ 1/2-1/2

[Event "C.to Regionale Sardegna"]
[Site "Cagliari ITA"]
[Date "2015.05.31"]
[Round "3"]
[White "Caredda, Giuseppe"]
[Black "Pannella, Maria Cristina"]
[WhiteElo "1486"]
[BlackElo "1431"]
[Result "0-1"]
[PlyCount "86"]
[EventDate "2015.05.30"]

1. d4 Nf6 2. c4 g6 3. Nc3 Bg7 4. e4 d6 5. Nf3 O-O 6. Be2 e5 7. O-O Nbd7 8. d5
Nc5 9. Nd2 a5 10. Bf3 a4 11. b3 axb3 12. Nxb3 Ncd7 13. Be3 Ne8 14. a4 f5 15.
exf5 gxf5 16. Qc1 Ndf6 17. Bh6 f4 18. Bxg7 Nxg7 19. c5 Bf5 20. cxd6 cxd6 21.
Re1 Qe8 22. Be4 Bxe4 23. Nxe4 Nxe4 24. Rxe4 Qg6 25. f3 Nf5 26. Qe1 Ne3 27. Rxe3
fxe3 28. Qxe3 Rac8 29. g4 Rfe8 30. h3 Qf6 31. a5 Qf4 32. Qxf4 exf4 33. Nd4 Rc3
34. Kf2 Ree3 35. a6 bxa6 36. Rxa6 Red3 37. Ra8+ Kf7 38. Ra7+ Kg6 39. Ra4 Rd2+
40. Ne2 Re3 41. Re4 Rdxe2+ 42. Kf1 Rxe4 43. fxe4 Rxe4 0-1

[Event "C.to Regionale Sardegna"]
[Site "Cagliari ITA"]
[Date "2015.05.31"]
[Round "3"]
[White "Depau, Alessandro"]
[Black "Sonis, Francesco"]
[WhiteElo "1811"]
[BlackElo "2226"]
[Result "0-1"]
[PlyCount "72"]
[EventDate "2015.05.30"]

1. f4 d5 2. e3 Nf6 3. d4 g6 4. Bd3 c5 5. c3 Nc6 6. Nd2 Bg7 7. Ngf3 Qb6 8. O-O
Bf5 9. Be2 Ne4 10. Nxe4 Bxe4 11. Ng5 Rd8 12. f5 Bf6 13. Nxe4 dxe4 14. Qc2 cxd4
15. exd4 Bxd4+ 16. cxd4 Nxd4 17. Qa4+ Rd7 18. Bc4 Nxf5+ 19. Kh1 Nd6 20. Bxf7+
Nxf7 21. Rxf7 Qb4 22. Qxd7+ Kxd7 23. Bg5 Re8 24. b3 Qd4 25. Rff1 Ke6 26. Rae1
Rc8 27. Rf4 Ke5 28. Rf7 Rc2 29. Rxe7+ Kf5 30. Bh6 g5 31. g4+ Kg6 32. Re6+ Kf7
33. R6xe4 Qd6 34. Re5 Qc6+ 35. R5e4 Rc1 36. Rxc1 Qxe4+ 0-1

[Event "C.to Regionale Sardegna"]
[Site "Cagliari ITA"]
[Date "2015.05.31"]
[Round "3"]
[White "Deruda, Leonardo"]
[Black "Pitzanti, Matteo"]
[WhiteElo "1791"]
[BlackElo "2066"]
[Result "0-1"]
[PlyCount "90"]
[EventDate "2015.05.30"]

1. d4 d5 2. Bg5 Nf6 3. e3 e6 4. Nd2 Be7 5. Bd3 O-O 6. Ngf3 b6 7. O-O Bb7 8. Ne5
Ne4 9. Bxe7 Qxe7 10. c3 f6 11. Nef3 Nd7 12. Qc2 f5 13. Ne5 Nxe5 14. dxe5 Nxd2
15. Qxd2 Rfd8 16. Qe2 c5 17. Rfd1 Qc7 18. f4 Bc6 19. g4 g6 20. h3 Rd7 21. Rd2
Rad8 22. Rad1 Rf7 23. Bc2 Rfd7 24. Bd3 Qb7 25. Bb5 Bxb5 26. Qxb5 a6 27. Qe2 b5
28. a3 a5 29. b3 Qc6 30. Rc2 Qb6 31. b4 c4 32. Ra2 Ra8 33. Rda1 Rda7 34. Kf2
Rf8 35. Rg1 fxg4 36. hxg4 Rxf4+ 37. Kg3 Re4 38. Re1 Qc7 39. Kh3 Qxe5 40. Qf3
Rf7 41. Qg3 Qxg3+ 42. Kxg3 a4 43. Rae2 Kf8 44. Rg1 h5 45. Kh4 Rf3 0-1

[Event "C.to Regionale Sardegna"]
[Site "Cagliari ITA"]
[Date "2015.05.31"]
[Round "3"]
[White "Dessy, Eugenio"]
[Black "Lobina, Giulio"]
[WhiteElo "1637"]
[BlackElo "1767"]
[Result "1-0"]
[PlyCount "61"]
[EventDate "2015.05.30"]

1. d4 g6 2. c4 Bg7 3. Nf3 Nf6 4. Nc3 d5 5. a4 Bg4 6. Ne5 dxc4 7. Nxg4 Nxg4 8.
e3 Nf6 9. Bxc4 O-O 10. O-O c6 11. Qb3 b6 12. Rd1 e6 13. e4 h6 14. Be2 Re8 15.
e5 Nd5 16. Ne4 a5 17. Nd6 Rf8 18. Qh3 g5 19. Bd3 Nd7 20. Qg4 Ne7 21. h4 Ng6 22.
hxg5 Kh7 23. Qh5 Rc8 24. Nxf7 Rxf7 25. Bxg6+ Kg8 26. Bxf7+ Kf8 27. Bxe6 Qe7 28.
Bxd7 Qxd7 29. gxh6 Bh8 30. Ra3 Ke7 31. Bg5+ 1-0

[Event "C.to Regionale Sardegna"]
[Site "Cagliari ITA"]
[Date "2015.05.31"]
[Round "3"]
[White "Di Pinto, Vincenzo"]
[Black "Liguori, Aniello"]
[WhiteElo "1647"]
[BlackElo "1808"]
[Result "1-0"]
[PlyCount "63"]
[EventDate "2015.05.30"]

1. d4 Nf6 2. Nf3 g6 3. Bf4 d6 4. Nc3 Bg7 5. Qd2 Bf5 6. Bh6 O-O 7. h3 Ne4 8.
Nxe4 Bxe4 9. Bxg7 Kxg7 10. Ng5 Bc6 11. d5 Bd7 12. Qd4+ Kg8 13. Qh4 h5 14. g4
Kg7 15. gxh5 Rh8 16. Qd4+ f6 17. hxg6 c5 18. Qc3 Na6 19. Nf7 Qc7 20. Nxh8 Rxh8
21. e4 b5 22. a3 Rh4 23. Bg2 Be8 24. O-O-O b4 25. Qc4 Qa5 26. Bf1 bxa3 27. Qxa6
Qxa6 28. Bxa6 a2 29. Kd2 Rxe4 30. Kc3 Bxg6 31. Bd3 Ra4 32. Rhg1 1-0

[Event "C.to Regionale Sardegna"]
[Site "Cagliari ITA"]
[Date "2015.05.31"]
[Round "3"]
[White "Marras, Giuseppe"]
[Black "Erriu, Giampiero"]
[WhiteElo "1774"]
[BlackElo "1633"]
[Result "1-0"]
[PlyCount "77"]
[EventDate "2015.05.30"]

1. e4 c5 2. Nf3 d6 3. d4 cxd4 4. Nxd4 Nf6 5. Nc3 g6 6. Be3 a6 7. f3 Bg7 8. Qd2
Nc6 9. Bc4 Nxd4 10. Bxd4 e5 11. Be3 h5 12. O-O-O b5 13. Bb3 Bb7 14. Qxd6 Qxd6
15. Rxd6 O-O 16. Rhd1 Rac8 17. Nd5 Nxd5 18. Bxd5 Bxd5 19. R1xd5 Ra8 20. Bb6 Kh7
21. Rd8 f5 22. Rxa8 Rxa8 23. Rd8 Rxd8 24. Bxd8 f4 25. Kd2 Kh6 26. Kd3 g5 27. c4
bxc4+ 28. Kxc4 g4 29. b4 Kg6 30. a4 Bf6 31. Bxf6 Kxf6 32. b5 axb5+ 33. axb5 Kg5
34. Kd5 Kh4 35. Kxe5 gxf3 36. gxf3 Kh3 37. Kxf4 h4 38. b6 Kg2 39. b7 1-0

[Event "C.to Regionale Sardegna"]
[Site "Cagliari ITA"]
[Date "2015.05.31"]
[Round "3"]
[White "Murgia, Elio"]
[Black "Caddeo, Pierluigi"]
[WhiteElo "1698"]
[BlackElo "1546"]
[Result "0-1"]
[PlyCount "58"]
[EventDate "2015.05.30"]

1. d4 Nf6 2. c4 e6 3. Nc3 Bb4 4. e3 O-O 5. Bd3 Bxc3+ 6. bxc3 d6 7. e4 e5 8. h3
c6 9. Ne2 Re8 10. d5 Nbd7 11. O-O Nc5 12. Ng3 Qa5 13. Bc2 Qxc3 14. Bd2 Qxc4 15.
Nf5 Bxf5 16. exf5 Qxd5 17. Qe2 e4 18. g4 Qe5 19. g5 Nd5 20. Qg4 Kh8 21. Rae1
Qb2 22. Qd1 Nd3 23. Bxd3 exd3 24. Rxe8+ Rxe8 25. Re1 Rxe1+ 26. Bxe1 Qe2 27. Qc1
Qf3 28. f6 gxf6 29. gxf6 Nf4 0-1

[Event "C.to Regionale Sardegna"]
[Site "Cagliari ITA"]
[Date "2015.05.31"]
[Round "3"]
[White "Neri, Enzo"]
[Black "Carrus, Mario"]
[WhiteElo "2036"]
[BlackElo "1694"]
[Result "1-0"]
[PlyCount "83"]
[EventDate "2015.05.30"]

1. d4 d5 2. Nf3 Nf6 3. c4 e6 4. Nc3 Be7 5. Bf4 O-O 6. e3 b6 7. cxd5 exd5 8. Qc2
a6 9. Bd3 Bb7 10. O-O Nbd7 11. Rac1 c5 12. dxc5 bxc5 13. Qe2 Nh5 14. Be5 f6 15.
Bg3 Nxg3 16. hxg3 f5 17. Rfd1 Nb6 18. b3 Kh8 19. a4 Qc7 20. Qc2 g6 21. Ne2 Bd6
22. Qc3+ Kg8 23. Nf4 Rae8 24. Bf1 Qg7 25. Qxg7+ Kxg7 26. a5 Bxf4 27. gxf4 Nd7
28. Ne5 Nxe5 29. fxe5 Rc8 30. g3 Kf7 31. Rd2 g5 32. Rdc2 Ke6 33. f4 d4 34. exd4
cxd4 35. Rxc8 Rxc8 36. Rxc8 Bxc8 37. Bc4+ Ke7 38. fxg5 Be6 39. Bd3 Kf7 40. Kf2
Kg6 41. Bxa6 Bd5 42. Bc8 1-0

[Event "C.to Regionale Sardegna"]
[Site "Cagliari ITA"]
[Date "2015.05.31"]
[Round "3"]
[White "Putzolu, Marcello"]
[Black "Olivieri, Guglielmo"]
[WhiteElo "1751"]
[BlackElo "1566"]
[Result "1-0"]
[PlyCount "141"]
[EventDate "2015.05.30"]

1. e4 e5 2. Nf3 Nc6 3. Bb5 Nge7 4. d3 h6 5. Nc3 g6 6. Nd5 Bg7 7. O-O O-O 8. Be3
Nxd5 9. exd5 Ne7 10. Bc4 d6 11. h3 f5 12. Bd2 e4 13. dxe4 fxe4 14. Nh2 Nf5 15.
c3 h5 16. Re1 Qh4 17. Qe2 Re8 18. Qf1 Bd7 19. g3 Qf6 20. Qg2 b5 21. Bb3 b4 22.
Rxe4 a5 23. Rxe8+ Rxe8 24. Re1 Rxe1+ 25. Bxe1 Qe7 26. Qf1 bxc3 27. bxc3 Nh6 28.
Bd2 Nf7 29. Qe1 Qxe1+ 30. Bxe1 Bxh3 31. c4 Ne5 32. Bxa5 Nd3 33. Bd2 Nc5 34. Bc2
Kf7 35. Nf3 Bf6 36. Ng5+ Bxg5 37. Bxg5 Bg4 38. Be3 Nd7 39. Kf1 Ne5 40. Bb3 Bh3+
41. Ke1 Bc8 42. Kd2 Ba6 43. Kc3 Ke8 44. Bg5 Kd7 45. Bf4 Ng4 46. Be3 Nf6 47. Bc2
c6 48. dxc6+ Kxc6 49. Bxg6 d5 50. cxd5+ Nxd5+ 51. Kb3 Be2 52. Be4 Kd6 53. Bxd5
Kxd5 54. Kb4 Kc6 55. Kc3 Kb5 56. a3 Ka4 57. Bc5 Kb5 58. Be7 Ka6 59. Kd4 Bg4 60.
Ke5 Kb7 61. f4 Kc8 62. Kf6 Kd7 63. Bb4 Ke8 64. Kg7 Bd1 65. f5 Bb3 66. f6 Bf7
67. a4 Bc4 68. a5 Bd5 69. a6 Bc4 70. a7 Bd5 71. a8=Q+ 1-0

[Event "C.to Regionale Sardegna"]
[Site "Cagliari ITA"]
[Date "2015.05.31"]
[Round "3"]
[White "Sollai, Matteo"]
[Black "Mameli, Gianluca"]
[WhiteElo "1750"]
[BlackElo "1957"]
[Result "0-1"]
[PlyCount "96"]
[EventDate "2015.05.30"]

1. e4 Nf6 2. Nc3 d5 3. exd5 Nxd5 4. Bc4 Nb6 5. Bb3 c5 6. d3 Nc6 7. Nf3 e6 8.
Be3 Be7 9. Ne4 Nd4 10. Nfg5 Nxb3 11. axb3 f5 12. Nc3 f4 13. Bxf4 O-O 14. Qh5 h6
15. Nh3 Rf5 16. Qe2 Qd4 17. Be3 Qe5 18. O-O-O Bd7 19. f3 Qc7 20. g4 Rf7 21. g5
hxg5 22. Nxg5 Bxg5 23. Bxg5 Bc6 24. Ne4 Nd5 25. Rdf1 Qa5 26. Kb1 Raf8 27. Rhg1
Nb4 28. Nc3 Bd5 29. Qe5 Rf5 30. Qg3 Rxf3 31. Rxf3 Rxf3 32. Qg4 Rf7 33. Bf4 Qd8
34. h4 Qf6 35. Be3 b6 36. Nxd5 exd5 37. Bg5 Qf2 38. Qd1 Nxc2 39. h5 Ne3 40.
Bxe3 Qxe3 41. Re1 Qf4 42. Qe2 Qf2 43. Qe6 Qf5 44. Qe2 c4 45. bxc4 dxc4 46. Kc2
cxd3+ 47. Qxd3 Rc7+ 48. Kd2 Rd7 0-1

[Event "C.to Regionale Sardegna"]
[Site "Cagliari ITA"]
[Date "2015.05.31"]
[Round "3"]
[White "Sonis, Luca"]
[Black "Rocchiccioli, Francesco"]
[WhiteElo "1746"]
[BlackElo "1380"]
[Result "1-0"]
[PlyCount "73"]
[EventDate "2015.05.30"]

1. e4 e5 2. Nf3 Nc6 3. Bc4 Bc5 4. Nc3 Nf6 5. O-O d6 6. h3 O-O 7. d3 h6 8. Be3
Nd4 9. Bxd4 Bxd4 10. Nxd4 exd4 11. Ne2 c5 12. Ng3 Re8 13. f4 d5 14. Bb5 Re7 15.
e5 Nd7 16. Bxd7 Qxd7 17. Qf3 c4 18. Rae1 b6 19. dxc4 Ba6 20. b3 Rae8 21. Rf2
dxc4 22. Rd2 c3 23. Rdd1 f6 24. Qe4 Bb7 25. Qxd4 Qxd4+ 26. Rxd4 fxe5 27. fxe5
Rxe5 28. Rxe5 Rxe5 29. Rd7 Bc6 30. Rxa7 Re1+ 31. Kh2 Rc1 32. Rc7 Bd5 33. Rxc3
Ra1 34. Rd3 Bc6 35. Rd6 Ba8 36. Rd8+ Kh7 37. Rxa8 1-0

[Event "C.to Regionale Sardegna"]
[Site "Cagliari ITA"]
[Date "2015.05.31"]
[Round "3"]
[White "Zuccarelli, Angelo"]
[Black "Bonali, Leonardo"]
[WhiteElo "1888"]
[BlackElo "1651"]
[Result "1-0"]
[PlyCount "59"]
[EventDate "2015.05.30"]

1. e4 c6 2. d4 d5 3. Nc3 dxe4 4. Nxe4 Nd7 5. Nf3 Ngf6 6. Ng3 e6 7. Bd3 c5 8.
O-O cxd4 9. Nxd4 Bc5 10. Nb3 Bb6 11. Qe2 O-O 12. Nd2 Qc7 13. c3 Nc5 14. Bc2 e5
15. Nc4 Re8 16. Nxb6 Qxb6 17. Be3 Qc7 18. Qc4 b6 19. Qh4 Bb7 20. Bg5 Qc6 21. f3
Ncd7 22. Rfe1 h6 23. Be3 Nc5 24. Nf5 e4 25. Nd4 Qc7 26. Bxh6 gxh6 27. Qxf6 exf3
28. gxf3 Ne6 29. Qxh6 Qc5 30. Bh7+ 1-0

[Event "C.to Regionale Sardegna"]
[Site "Cagliari ITA"]
[Date "2015.06.01"]
[Round "4"]
[White "Biondelli, Marco"]
[Black "Dessy, Eugenio"]
[WhiteElo "1637"]
[BlackElo "1637"]
[Result "0-1"]
[PlyCount "32"]
[EventDate "2015.05.30"]

1. e4 g6 2. d4 Bg7 3. Nf3 d6 4. Bc4 a6 5. c3 b5 6. Bb3 Bb7 7. Qe2 Nd7 8. Bxf7+
Kxf7 9. Ng5+ Ke8 10. Ne6 Qc8 11. Nxg7+ Kf7 12. Ne6 Kxe6 13. d5+ Kf7 14. Qf3+
Ngf6 15. Bh6 Ne5 16. Qf4 Nd3+ 0-1

[Event "C.to Regionale Sardegna"]
[Site "Cagliari ITA"]
[Date "2015.06.01"]
[Round "4"]
[White "Bonali, Leonardo"]
[Black "Lobina, Giulio"]
[WhiteElo "1651"]
[BlackElo "1767"]
[Result "1/2-1/2"]
[PlyCount "120"]
[EventDate "2015.05.30"]

1. d4 e6 2. c4 Nf6 3. Nf3 d5 4. Nc3 c6 5. Bf4 Bd6 6. Bxd6 Qxd6 7. c5 Qe7 8. e3
Nbd7 9. Bd3 e5 10. dxe5 Nxe5 11. Nxe5 Qxe5 12. Be2 O-O 13. O-O h5 14. Qd4 Re8
15. Qxe5 Rxe5 16. Rad1 Bf5 17. h3 Rae8 18. Rd4 b5 19. cxb6 axb6 20. Rb4 b5 21.
Rd1 g6 22. Bxb5 cxb5 23. Rxb5 Kg7 24. a4 Ra8 25. b3 Rc8 26. Nxd5 Rxd5 27. Rbxd5
Nxd5 28. Rxd5 Rb8 29. Rb5 Rxb5 30. axb5 Kf6 31. b6 Bc8 32. Kf1 Ke6 33. Ke2 Kd5
34. Kd3 Kc5 35. Kc3 Kxb6 36. Kd4 Kb5 37. Ke5 Be6 38. Kf4 Bxb3 39. g4 hxg4 40.
hxg4 Kc5 41. Ke5 Kc6 42. f4 Kd7 43. Kf6 Ke8 44. f5 Bc2 45. fxg6 Bxg6 46. g5 Kf8
47. Ke5 Ke7 48. e4 Bh7 49. Kd5 Bg6 50. Ke5 Bh5 51. Kf5 Kd7 52. Ke5 Kc6 53. Kf6
Kd6 54. Kf5 Kc5 55. e5 Kd5 56. Kf6 Kd4 57. e6 fxe6 58. Kxe6 Bg6 59. Kf6 Bb1 60.
g6 Bxg6 1/2-1/2

[Event "C.to Regionale Sardegna"]
[Site "Cagliari ITA"]
[Date "2015.06.01"]
[Round "4"]
[White "Caddeo, Pierluigi"]
[Black "Marras, Giuseppe"]
[WhiteElo "1546"]
[BlackElo "1774"]
[Result "0-1"]
[PlyCount "144"]
[EventDate "2015.05.30"]

1. e4 e6 2. d4 d5 3. e5 c5 4. Nf3 cxd4 5. Nxd4 Nc6 6. Be3 Nxe5 7. Nc3 Bb4 8.
Qd2 Nf6 9. a3 Ne4 10. Qc1 Bxc3+ 11. bxc3 O-O 12. Qb2 a6 13. Rd1 Qc7 14. Ne2 Nc4
15. Qc1 Bd7 16. Bf4 e5 17. Bg3 Be6 18. Qa1 Qa5 19. f3 Nxg3 20. Nxg3 Rac8 21.
Rd3 Qxa3 22. Qxa3 Nxa3 23. Kd2 Nb1+ 24. Kc1 Nxc3 25. Kb2 Na4+ 26. Ka3 b5 27.
Rd2 Nb6 28. Kb4 Nc4 29. Bxc4 Rxc4+ 30. Ka5 Rb8 31. Ra1 f5 32. Ne2 Rd8 33. Kb6
Rd6+ 34. Ka5 d4 35. Ra3 f4 36. Nc3 Rdc6 37. Ne4 Bf5 38. g3 Bxe4 39. fxe4 fxg3
40. hxg3 Rc3 41. Rxc3 Rxc3 42. Kxa6 b4 43. Kb5 b3 44. cxb3 Rxb3+ 45. Kc4 Rxg3
46. Kd5 Rg5 47. Ke6 h6 48. Rb2 Kh7 49. Rh2 Kg6 50. Rh1 Kh7 51. Rh2 Kg8 52. Rf2
h5 53. Rh2 Kf8 54. Rf2+ Ke8 55. Ra2 Kd8 56. Kd6 Kc8 57. Kc6 Kb8 58. Rb2+ Kc8
59. Ra2 Rg6+ 60. Kd5 Kc7 61. Kxe5 d3 62. Kf4 Rd6 63. Rd2 Kd7 64. Kf5 Ke7 65. e5
Rd5 66. Kg6 Ke6 67. Kxh5 Kxe5 68. Kg4 Ke4 69. Kg3 Ke3 70. Ra2 d2 71. Ra3+ Ke2
72. Ra2 Ke1 0-1

[Event "C.to Regionale Sardegna"]
[Site "Cagliari ITA"]
[Date "2015.06.01"]
[Round "4"]
[White "Carrus, Mario"]
[Black "Depau, Alessandro"]
[WhiteElo "1694"]
[BlackElo "1811"]
[Result "0-1"]
[PlyCount "58"]
[EventDate "2015.05.30"]

1. d4 d5 2. c4 Nc6 3. Bf4 dxc4 4. e3 e5 5. dxe5 Qxd1+ 6. Kxd1 Be6 7. a3 O-O-O+
8. Nd2 Nge7 9. Ngf3 Nd5 10. Bg5 f6 11. exf6 gxf6 12. Bh4 c3 13. bxc3 Nxc3+ 14.
Ke1 Bg7 15. Rc1 Nd5 16. Bb5 Na5 17. Nd4 Bf7 18. Ke2 Nf4+ 19. exf4 Rxd4 20. Rhd1
c6 21. Bd3 Re8+ 22. Be4 f5 23. f3 fxe4 24. fxe4 Bh5+ 25. Nf3 Rdxe4+ 26. Kf1
Bxf3 27. gxf3 Rxf4 28. Bg3 Rxf3+ 29. Kg2 Rxa3 0-1

[Event "C.to Regionale Sardegna"]
[Site "Cagliari ITA"]
[Date "2015.06.01"]
[Round "4"]
[White "Carta, Francesco"]
[Black "Deruda, Leonardo"]
[WhiteElo "1664"]
[BlackElo "1791"]
[Result "1/2-1/2"]
[PlyCount "69"]
[EventDate "2015.05.30"]

1. e4 c5 2. Nf3 Nc6 3. d4 cxd4 4. Nxd4 g6 5. Bc4 Bg7 6. Be3 Nf6 7. f3 O-O 8.
Nc3 Qb6 9. Qd2 Nxe4 10. Nxc6 Nxd2 11. Bxb6 Nxc4 12. Nxe7+ Kh8 13. Bc5 d6 14.
Bf2 Re8 15. Ncd5 Bd7 16. O-O Nb6 17. Nxb6 axb6 18. Nd5 Ra5 19. Nc3 b5 20. Rfd1
Ra6 21. Bg3 b4 22. Nd5 Re2 23. Nxb4 Rb6 24. a3 Bxb2 25. Ra2 Bc3 26. Nd5 Rc6 27.
Nxc3 Rxc3 28. Bxd6 f6 29. Rb2 Bc6 30. Bb4 Rcxc2 31. Rxc2 Rxc2 32. Be7 Kg7 33.
Re1 f5 34. h4 Rd2 35. Bb4 1/2-1/2

[Event "C.to Regionale Sardegna"]
[Site "Cagliari ITA"]
[Date "2015.06.01"]
[Round "4"]
[White "Colacino, Gabriele"]
[Black "Murgia, Elio"]
[WhiteElo "1449"]
[BlackElo "1698"]
[Result "0-1"]
[PlyCount "74"]
[EventDate "2015.05.30"]

1. e4 g6 2. Bc4 Bg7 3. Nf3 d6 4. h3 Nf6 5. Nc3 O-O 6. d4 a6 7. a4 c6 8. Be3 e6
9. e5 dxe5 10. dxe5 Nfd7 11. Bf4 Qa5 12. Qe2 b5 13. Bb3 Nc5 14. O-O Qb4 15. Be3
Nxb3 16. cxb3 Bb7 17. Qc2 Nd7 18. Ne4 Nxe5 19. Nxe5 Bxe5 20. Bc5 Qa5 21. Bxf8
Rxf8 22. Nc5 Bc8 23. Rfd1 Qc7 24. Rac1 Bf4 25. Ra1 e5 26. a5 Qe7 27. b4 Qg5 28.
Qd3 Bf5 29. Qf3 Qh6 30. Nxa6 e4 31. Qc3 e3 32. Re1 Re8 33. f3 Bxh3 34. gxh3
Qxh3 35. Re2 Re5 36. Qc2 Rh5 37. Rg2 Qh1# 0-1

[Event "C.to Regionale Sardegna"]
[Site "Cagliari ITA"]
[Date "2015.06.01"]
[Round "4"]
[White "Di Pinto, Vincenzo"]
[Black "Sollai, Matteo"]
[WhiteElo "1647"]
[BlackElo "1750"]
[Result "1/2-1/2"]
[PlyCount "62"]
[EventDate "2015.05.30"]

1. d4 d5 2. Nf3 Nf6 3. Bf4 e6 4. e3 Bd6 5. Bd3 Bxf4 6. exf4 c5 7. c3 cxd4 8.
Nxd4 Nc6 9. Bc2 O-O 10. O-O Qd6 11. Ne2 b6 12. Qd3 e5 13. fxe5 Nxe5 14. Qg3 Ne4
15. Bxe4 dxe4 16. Na3 Ba6 17. Rfd1 Qf6 18. Nf4 Nd3 19. Nd5 Qd8 20. Nc7 Qc8 21.
Nxa8 Qxa8 22. Rd2 Qc6 23. Nc2 f5 24. Nd4 Qf6 25. f4 Re8 26. Qe3 h6 27. Rad1 Kf7
28. b3 Rd8 29. h3 g6 30. Kh2 Qd6 31. g3 Qc5 1/2-1/2